Asbestos controls to tighten. (Record no. 60592)
[ view plain ]
| 000 -LEADER | |
|---|---|
| fixed length control field | 00781cam a2200169 4500 |
| 001 - CONTROL NUMBER | |
| control field | ABS60919 |
| 008 - FIXED-LENGTH DATA ELEMENTS--GENERAL INFORMATION | |
| fixed length control field | 000000n1999 000 0 eng u |
| 035 ## - SYSTEM CONTROL NUMBER | |
| System control number | (Sirsi) u101456 |
| 100 ## - MAIN ENTRY--PERSONAL NAME | |
| Personal name | Ridley, M. |
| 245 ## - TITLE STATEMENT | |
| Title | Asbestos controls to tighten. |
| 260 ## - PUBLICATION, DISTRIBUTION, ETC. | |
| Date of publication, distribution, etc. | 1999 |
| 490 ## - SERIES STATEMENT | |
| Series statement | Property Week |
| Volume/sequential designation | 64(29) 23 July 1999, 38-39(2) |
| 520 ## - SUMMARY, ETC. | |
| Summary, etc. | The author warns that new legislation placing greater duties on occupiers of non-domestic buildings will bring the control of asbestos into line with other safety regulations in the workplace. He advises surveyors to review their procedures and ensure they are properly prepared to deal with asbestos. |
| 650 ## - SUBJECT ADDED ENTRY--TOPICAL TERM | |
| Topical term or geographic name entry element | MANAGEMENT-HEALTH AND SAFETY-HAZARDOUS SUBSTANCES-ASBESTOS |
| 690 ## - LOCAL SUBJECT ADDED ENTRY--TOPICAL TERM (OCLC, RLIN) | |
| Topical term or geographic name as entry element | BUILT ENVIRONMENT-BUILDING INSPECTION |
| 942 ## - ADDED ENTRY ELEMENTS (KOHA) | |
| Suppress in OPAC | 0 |
| Withdrawn status | Lost status | Source of classification or shelving scheme | Damaged status | Not for loan | Home library | Current library | Shelving location | Date acquired | Total Checkouts | Full call number | Barcode | Date last seen | Copy number | Price effective from | Koha item type |
|---|---|---|---|---|---|---|---|---|---|---|---|---|---|---|---|
| Dewey Decimal Classification | London | London | Journal article | 04/11/1999 | ABS60919 | 101456-1001 | 06/08/2019 | 1 | 06/08/2019 | Journal article |